000 00256nam a22001097a 4500
999 _c11613
_d11613
008 200403b ||||| |||| 00| 0 eng d
100 1 _aKemp, J . F.
245 1 0 _aCargo work
260 _aButterworths
_bButterworths
_c1996
300 _a124p.
942 _cBK